| 000 | 00740nam a2200253 a 4500 | ||
|---|---|---|---|
| 001 | 70166 | ||
| 003 | BD-RjUL | ||
| 005 | 20211209081954.0 | ||
| 008 | 170416s1985 nyua b 001 0 eng | ||
| 020 | _a0471871575 | ||
| 035 | _a(BD-RjUL)70378 | ||
| 040 |
_aDLC _cDLC _dBD-RjUL _beng |
||
| 041 | _aeng | ||
| 082 | 0 | 0 |
_a543.85 _223 _bGRM 1985 |
| 245 | 0 | 0 |
_aModern practice of gas chromatography / _cedited by Robert L. Grob. |
| 250 | _a2nd ed. | ||
| 260 |
_aNew York : _bWiley & Sons, _cc1985. |
||
| 300 |
_axix, 897 p. : _bill. ; _c24 cm. |
||
| 504 | _aIncludes bibliographical references and index. | ||
| 650 | 0 |
_aGas chromatography. _9207801 |
|
| 700 | 1 |
_aGrob, Robert Lee. _9207802 |
|
| 942 |
_2ddc _cBK |
||
| 999 |
_c70166 _d70166 |
||